Visualizzazione normale
Vista MARC
- Del Prete Miki
di Personal Name
Records bibliografici associati: 1
001 - CONTROL NUMBER
- control field: 23317
003 - CONTROL NUMBER IDENTIFIER
- control field: IT-RoPau
005 - DATE AND TIME OF LATEST TRANSACTION
- control field: 20140501095929.0
008 - FIXED-LENGTH DATA ELEMENTS
- fixed length control field: 140501|| aca||aabn | a|a d
040 ## - CATALOGING SOURCE
- Original cataloging agency: IT-RoPau
- Transcribing agency: IT-RoPau
100 ## - HEADING--PERSONAL NAME
- Personal name: Del Prete Miki
- Miscellaneous information: Codice autore musica SPICS: 13865
- Relator term: Autore musica
- Name of part/section of a work: Fresco
670 ## - SOURCE DATA FOUND
- Source citation: Work cat.: (IT-RoPau)101144: AA.VV. 794, Pubblica ottusità (La)-Lp Cln 20699